000 00373nam a2200133Ia 4500
008 220216s9999 xx 000 0 und d
100 _aBantle Rainer
245 0 _aEfficient production of rubber medical stoppers by injection molding
260 _bRubber World
_c2000
300 _a45-48
650 _aInjection molding
650 _aRubber medical stoppers
942 _cJS
999 _c58435
_d58435